Návrh systému medzioperačnej manipulácie v automatickej tukovacej stanici v spoločnosti Schaeffler s.r.o.
Na minha lista:
| Autor principal: | |
|---|---|
| Outros Autores: | |
| Formato: | Manuscrito Livro |
| Idioma: | eslovaco |
| Publicado em: |
2019
|
| Assuntos: | |
| Acesso em linha: | http://is.stuba.sk/zp/portal_zp.pl?podrobnosti=143266 |
| Tags: |
Sem tags, seja o primeiro a adicionar uma tag!
|
MARC
| LEADER | 00000ntm a22000003a 4500 | ||
|---|---|---|---|
| 001 | stuzp72864 | ||
| 003 | SK-STU | ||
| 005 | 20190629210939.1 | ||
| 007 | ta | ||
| 008 | 150427s2015----xo-----f-mn---000-0-slo-d | ||
| 040 | |a STU |b slo | ||
| 041 | 0 | |a slo | |
| 100 | 1 | |a Dubecký, Juraj |u 063000 |4 aut |U MTF Materiálovotechnologická fakulta |T MTF Ústav výrobných technológií |X 85620 |U M3000 |Y 83 |7 85620 | |
| 242 | 0 | 1 | |a Design of a system of inter-operative manipulation in an automatic fattening station in Schaeffler company s.r.o |y eng |
| 245 | 1 | 0 | |a Návrh systému medzioperačnej manipulácie v automatickej tukovacej stanici v spoločnosti Schaeffler s.r.o. |
| 260 | |c 2019 | ||
| 650 | 4 | |a medzioperačná manipulácia |2 slo | |
| 650 | 4 | |a tukovacia stanica |2 slo | |
| 650 | 4 | |a diel |2 slo | |
| 650 | 4 | |a pohon |2 slo | |
| 650 | 4 | |a ozubený prevod |2 slo | |
| 650 | 4 | |a kartézsky súradnicový systém |2 slo | |
| 650 | 4 | |a čeľuste |2 slo | |
| 650 | 4 | |a snímač |2 slo | |
| 650 | 4 | |a interoperative manipulation |2 eng | |
| 650 | 4 | |a grease station |2 eng | |
| 650 | 4 | |a part |2 eng | |
| 650 | 4 | |a drive |2 eng | |
| 650 | 4 | |a gear |2 eng | |
| 650 | 4 | |a cartesian coordinate system |2 eng | |
| 650 | 4 | |a jaws |2 eng | |
| 650 | 4 | |a sensors |2 eng | |
| 700 | 1 | |a Holubek, Radovan |u 063800 |k Z2 |4 ths |U MTF Ústav výrobných technológií |T MTF Katedra výrobných zariadení a systémov |X 4311 |U M3800 |Y 660 |7 A000004311 | |
| 856 | 4 | |u http://is.stuba.sk/zp/portal_zp.pl?podrobnosti=143266 | |
| 996 | |c M* BP-8600 |l MMSKP |s P |a 0 |w stuzp72864_0001 | ||